Tudo ao contrário! (Registo nº 4149)

Detalhes MARC
000 -Etiqueta do registo
Cabeçalho 00806nam0a2200241 4500
005 - Identificador da versão
Campo de controlo 20240904101148.0
010 ## - Número internacional normalizado dos livros (ISBN)
Número (ISBN) 9722412337
021 ## - Número do Depósito Legal
Código do país PT
Número 185215/02
100 ## - Dados gerais de processamento
Dados gerais de processamento 20190527d2002 c y0pory5003 ba
101 0# - Língua de publicação
Língua do texto, banda sonora, etc. Português
102 ## - Pais de publicação ou produção
País de publicação Portugal
200 1# - Titulo e menção de responsabilidade
Título próprio Tudo ao contrário!
Informação de outro título o homem alto, a mulher baixinha, o rapaz magro, a rapariga gorda, a rapariga limpa, o rapaz sujo, a menina branca, o rapaz preto
Primeira menção de responsabilidade Luísa Ducla Soares
Outras menções de responsabilidade il. Raffaello Bergonse
210 ## - Publicação, Distribuição, etc. 
Lugar da edição, distribuição, etc. Lisboa
Nome do editor, distribuidor, etc. Livros Horizonte
Data da publicação, distribuição, etc. cop. 2002
215 ## - Descrição física 
Indicação específica da natureza do documento e extensão da espécie [27] p.
Outras indicações físicas il. color
300 ## - Notas gerais 
Texto da nota PNL
606 ## - Nome comum usado como assunto
Número de registo de entrada de autoridade 0001335
Palavra de ordem Literatura portuguesa
Subdivisão de assunto Conto
Código do sistema CA
675 ## - Classificação Decimal Universal (CDU)
Notação 821.134.3-34
Edição 3ª ed.
Língua da edição por
700 #1 - Nome de autor-pessoa física (responsabilidade principal)
Número de registo de entrada de autoridade 0000789
Palavra de ordem Soares
Outra parte do nome não tomada para palavra de ordem Luísa Ducla
Datas 1939-
702 #1 - Nome de autor-pessoa física (responsabilidade secundária)
Número de registo de entrada de autoridade 0000425
Palavra de ordem Bergonse
Outra parte do nome não tomada para palavra de ordem Raffaello
Código de função Ilustrador / Técnico de desenho computorizado
942 ## - Elementos de entrada adicionados (Koha)
Tipo de item no Koha Livro
966 ## - Identificação da Biblioteca
Sigla EBVEN
Exemplares
Situação do levantamento Origin of item (home branch) (coded) Biblioteca de empréstimo Código de barras Cota Data de devolução Circulation type (not for loan) Tipo de documento Nota do exemplar Damaged status
  Biblioteca Escolar das Vendas Biblioteca Escolar das Vendas BEV882 8POR SOA PNL     Livro Sem mensagem